000
00198 a2200097 4500
001
12543
100
_a
Ali,S
245
_a
Daik leya America
260
_a
_b
Maqbool Acadmey
_c
090
_c
9562
_d
9562
942
_a
NUST-CAE
_c
M
_c
36447
999
_c
247616
_d
247616